书目信息 |
| 题名: |
大气中的声、光、电
|
|
| 作者: | 周诗健 , 孙景群 编著 | |
| 分册: | ||
| 出版信息: | 北京 科学出版社 1982 |
|
| 页数: | 206页 | |
| 开本: | 19cm | |
| 丛书名: | ||
| 单 册: | ||
| 中图分类: | P427 | |
| 科图分类: | ||
| 主题词: | 大气现象--普及读物 , 气象要素 , 大气现象 | |
| 电子资源: | ||
| ISBN: | ||
| 000 | 00738nam0 2200277 45 | |
| 001 | 0182005267 | |
| 005 | 20040521153320.2 | |
| 010 | @dCNY0.90 | |
| 091 | @a13031.1885 | |
| 100 | @a19950530d1982 em y0chiy0121 ea | |
| 101 | 0 | @achi |
| 102 | @aCN@b110000 | |
| 105 | @ay z 000yy | |
| 106 | @ar | |
| 200 | 10 | @a大气中的声、光、电@Ada qi zhong de sheng guang dian@f周诗健,孙景群编著 |
| 210 | @a北京@c科学出版社@d1982 | |
| 215 | @a206页@d19cm | |
| 606 | @a大气现象@x普及读物 | |
| 606 | 0 | @a气象要素 |
| 606 | 0 | @a大气现象 |
| 690 | @aP427 | |
| 701 | 0 | @a周诗健@Azhou shi jian@4编著 |
| 701 | 0 | @a孙景群@Asun jing qun@4编著 |
| 801 | 0 | @aCN@b上海图书馆@c20040521 |
| 801 | 2 | @aCN@bNLC@c20040521 |
| 905 | @f2@b107861-862@dP427@e7 | |
| 大气中的声、光、电/周诗健,孙景群编著.-北京:科学出版社,1982 |
| 206页;19cm |
| ISBN :CNY0.90 |
| ● |
| 相关链接 |
|
|
|
|
正题名:大气中的声、光、电
索取号:P427/7
 
预约/预借
| 序号 | 登录号 | 条形码 | 馆藏地/架位号 | 状态 | 备注 |
| 1 | 0107861 | 000626889 | 第三借阅区/ [索取号:P427/7] | 在馆 | |
| 2 | 0107862 | 000626807 | 密集书库/ [索取号:P427/7] | 在馆 | |
| 3 | 0107863 | 202106390 | 第二样本阅览室/ [索取号:P427/7] | 在馆 |